000 00804nam a22002057a 4500
005 2010081409489.0
010 _aENG-100225
020 _a9788172086718
_c35.00
035 _aEN-83757
037 _bDBAD/PUB
082 _a220.35
245 _aWomen's role in rejuvenating the culture of Bharat /
_ccompiled by J.Hemalatha ; translated by P.P.S. Sharma
260 _aAndhra Pradesh
_bSri Sathya Sai Sadhana Trust
_c2009
270 _aPrasanthi Nilayam, Anantapur District
_b Anantapur District
_e515134
300 _a296p.
_c21cm (pbk)
700 _aHemalatha, J.
_913121
710 _aSharma, P.P.S.
_913122
942 _2ddc
_cEN
_h220.35
_mWOM
999 _c41815
_d41815